[Event "St. Pauli Open"]
[Site "Hamburg"]
[Date "2011.07.11"]
[Round "4.24"]
[White "Engelbert, Christoph"]
[Black "Kügel, Tobias"]
[Result "1/2-1/2"]
[WhiteElo "2174"]
[BlackElo "2038"]
[PlyCount "63"]
[EventDate "2011.??.??"]
[WhiteTeam "Hamburger SK von 1830 eV"]
[BlackTeam "Delmenhorster SK V 1931"]

1. g3 d5 2. Bg2 Nf6 3. d3 c5 4. e4 e6 5. Nc3 Nc6 6. Bg5 Be7 7. Bxf6 Bxf6 8.
exd5 Bxc3+ 9. bxc3 exd5 10. Ne2 O-O 11. O-O Be6 12. d4 cxd4 13. Nxd4 Nxd4 14.
Qxd4 Qa5 15. Rfb1 b6 16. Qb4 Qxb4 17. cxb4 Rac8 18. Rb2 d4 19. Be4 f5 20. Bd3
Bc4 21. Rd1 Bxd3 22. Rxd3 Rc4 23. Kg2 Rfc8 24. a3 Kf7 25. Rb1 Ke6 26. Rbd1 Kd5
27. c3 Rxc3 28. Rxd4+ Kc6 29. Rd7 Rc7 30. R1d3 Rxd7 31. Rxc3+ Kd5 32. Kf3
1/2-1/2

[Event "St. Pauli Open"]
[Site "Hamburg"]
[Date "2011.07.11"]
[Round "4.25"]
[White "Schöngart, Ralf"]
[Black "Kopisch, Martin"]
[Result "0-1"]
[WhiteElo "2035"]
[BlackElo "2148"]
[PlyCount "56"]
[EventDate "2011.??.??"]
[WhiteTeam "SF Buxtehude"]
[BlackTeam "Bille SC von 1924 e.V."]

1. d4 d6 2. c4 g6 3. Nc3 Bg7 4. e4 Nc6 5. Nf3 e5 6. d5 Nce7 7. Bd3 f5 8. O-O
Nf6 9. Bc2 O-O 10. Bd2 h6 11. Rc1 f4 12. c5 g5 13. cxd6 cxd6 14. Bb1 Bg4 15.
Qb3 Bxf3 16. gxf3 Qd7 17. Nb5 Ne8 18. a4 Ng6 19. Kh1 Nh4 20. Rg1 a6 21. Na3 Nf6
22. Nc4 Qh3 23. Rc3 Rac8 24. Bc2 Rxc4 25. Rxc4 Nxf3 26. Rg2 Ng4 27. Bd1 Ngxh2
28. Bxf3 Nxf3+ 0-1

[Event "St. Pauli Open"]
[Site "Hamburg"]
[Date "2011.07.11"]
[Round "4.27"]
[White "Schirmer, Werner"]
[Black "Magnussen, Helge"]
[Result "1/2-1/2"]
[WhiteElo "2033"]
[BlackElo "2137"]
[PlyCount "66"]
[EventDate "2011.??.??"]
[WhiteTeam "Hamburger SK von 1830 eV"]
[BlackTeam "SC Wrist-Kellinghusen von 1979"]

1. e4 e6 2. d4 d5 3. Nc3 Bb4 4. e5 c5 5. a3 Bxc3+ 6. bxc3 Ne7 7. Nf3 Bd7 8. a4
Nbc6 9. Be2 Qc7 10. O-O b6 11. Ba3 Na5 12. Bb5 Rc8 13. Qc1 h6 14. Qf4 O-O 15.
Rfe1 Bxb5 16. axb5 f5 17. dxc5 bxc5 18. Bxc5 Qxc5 19. Rxa5 Nc6 20. Ra6 Qxb5 21.
Rea1 Rf7 22. h4 Qe2 23. Qa4 Nxe5 24. Nd4 Qd2 25. Rxe6 Rc4 26. Qe8+ Rf8 27. Qh5
Qxc3 28. Rxa7 Rc7 29. Rxc7 Qxc7 30. Nxf5 Qxc2 31. Ne7+ Kh7 32. Rxe5 Qxf2+ 33.
Kh2 Qf4+ 1/2-1/2

[Event "St. Pauli Open"]
[Site "Hamburg"]
[Date "2011.07.11"]
[Round "4.28"]
[White "Rieling, Thomas"]
[Black "Knaak, Michael"]
[Result "1-0"]
[WhiteElo "2133"]
[BlackElo "1919"]
[PlyCount "81"]
[EventDate "2011.??.??"]
[WhiteTeam "SC Diogenes eV"]
[BlackTeam "FC ST.Pauli 1910 eV SAbt"]

1. e4 e6 2. d4 d5 3. Nc3 Bb4 4. e5 c5 5. Bd2 Nh6 6. Bxh6 gxh6 7. a3 Ba5 8. b4
cxd4 9. Nb5 Bc7 10. f4 a6 11. Nxd4 Bb6 12. Ngf3 Qc7 13. Qd2 Nc6 14. c3 Bd7 15.
Bd3 Nxd4 16. cxd4 Rc8 17. O-O Qc3 18. Qe2 Bxd4+ 19. Nxd4 Qxd4+ 20. Kh1 Ke7 21.
Rad1 Qc3 22. Qg4 Ba4 23. Qh4+ Kd7 24. Qf6 Rhe8 25. Bc2 Qxc2 26. Rxd5+ Kc7 27.
Rc5+ Kd7 28. Rxc2 Bxc2 29. Rc1 Bg6 30. Rd1+ Kc7 31. g4 Rcd8 32. Rxd8 Rxd8 33.
f5 exf5 34. gxf5 Rd1+ 35. Kg2 Rd2+ 36. Kg3 Rd3+ 37. Kf4 Bh5 38. Qxh6 Be2 39.
Qxh7 Rf3+ 40. Ke4 Rxf5 41. Qxf5 1-0

[Event "St. Pauli Open"]
[Site "Hamburg"]
[Date "2011.07.11"]
[Round "4.29"]
[White "Wenzel, Birger"]
[Black "Müller, Tobias"]
[Result "1-0"]
[WhiteElo "2019"]
[BlackElo "2118"]
[PlyCount "75"]
[EventDate "2011.??.??"]
[WhiteTeam "SK Johanneum Eppendorf"]
[BlackTeam "SK Marmstorf GW Harburg"]

1. d4 f5 2. g3 Nf6 3. Bg2 g6 4. Nf3 Bg7 5. O-O O-O 6. Nbd2 d6 7. Re1 Nc6 8. e4
fxe4 9. Nxe4 Nxe4 10. Rxe4 Bf5 11. Re1 Bg4 12. c3 Kh8 13. h3 Bd7 14. d5 Ne5 15.
Nxe5 Bxe5 16. Be3 c5 17. dxc6 Bxc6 18. Bd4 Bxd4 19. Qxd4+ e5 20. Qd2 Qb6 21.
Rad1 Rf6 22. c4 Raf8 23. Re2 Qc5 24. b3 a5 25. Bd5 Bd7 26. Kg2 Qc8 27. Rh1 a4
28. bxa4 Bxa4 29. Rb1 Bd7 30. Rxb7 Bxh3+ 31. Kg1 Be6 32. Qd3 Bg4 33. Reb2 Qc5
34. Qd2 Bc8 35. Re7 g5 36. Qxg5 Rg6 37. Qh4 h6 38. Bf7 1-0

[Event "St. Pauli Open"]
[Site "Hamburg"]
[Date "2011.07.11"]
[Round "4.30"]
[White "Hedden, Helge"]
[Black "Sabel, Reinhard"]
[Result "1-0"]
[WhiteElo "2100"]
[BlackElo "2034"]
[PlyCount "45"]
[EventDate "2011.??.??"]
[WhiteTeam "Hamburger SK von 1830 eV"]
[BlackTeam "Sfr.Mainz 1928"]

1. c4 e6 2. g3 d5 3. Bg2 Nf6 4. Nf3 Be7 5. O-O O-O 6. d4 Nc6 7. b3 Rb8 8. Bb2
dxc4 9. bxc4 Na5 10. Qc2 b6 11. Nbd2 Bb7 12. Rfd1 Qc8 13. Bh3 Bxf3 14. exf3 Qb7
15. Ne4 c5 16. d5 exd5 17. Nxf6+ Bxf6 18. Bxf6 gxf6 19. Rxd5 Rfe8 20. Rh5 Re5
21. Qxh7+ Kf8 22. Rxe5 fxe5 23. Qh8+ 1-0

[Event "St. Pauli Open"]
[Site "Hamburg"]
[Date "2011.07.11"]
[Round "4.31"]
[White "Gollasch, Theo-Heinz"]
[Black "Seidel, Mika"]
[Result "1-0"]
[WhiteElo "2096"]
[BlackElo "1866"]
[PlyCount "103"]
[EventDate "2011.??.??"]
[WhiteTeam "Hamburger SK von 1830 eV"]
[BlackTeam "SK Johanneum Eppendorf"]

1. Nf3 c5 2. c4 Nf6 3. Nc3 d5 4. cxd5 Nxd5 5. g3 Nc6 6. Bg2 Nc7 7. O-O e5 8. d3
Be7 9. b3 O-O 10. Bb2 f6 11. Rc1 b6 12. Qc2 Bb7 13. Rfd1 Ne6 14. e3 Rc8 15. Qb1
Rc7 16. Ne1 Qa8 17. Bd5 Ncd8 18. e4 Kh8 19. Ng2 Nd4 20. Ne3 Qc8 21. Kg2 N8e6
22. Bxe6 Nxe6 23. Ncd5 Bxd5 24. Nxd5 Ng5 25. f4 Qh3+ 26. Kh1 Nf3 27. Qc2 Rd7
28. Qg2 Qxg2+ 29. Kxg2 Nd4 30. Bxd4 exd4 31. f5 Rc8 32. Rc2 Kg8 33. Kf3 Bd6 34.
h4 Be5 35. g4 Rf8 36. Rg1 g6 37. a3 Rff7 38. b4 cxb4 39. axb4 Rg7 40. Rc8+ Kf7
41. Nf4 Bd6 42. b5 gxf5 43. exf5 Bxf4 44. Kxf4 Rg8 45. Rc6 Re8 46. g5 fxg5+ 47.
hxg5 Rd5 48. Rc7+ Re7 49. Rxe7+ Kxe7 50. Rh1 Rxb5 51. Rxh7+ Kf8 52. g6 1-0

[Event "St. Pauli Open"]
[Site "Hamburg"]
[Date "2011.07.11"]
[Round "4.32"]
[White "Grötzbach, Julian"]
[Black "Frey, Alisa"]
[Result "1-0"]
[WhiteElo "1884"]
[BlackElo "2095"]
[PlyCount "57"]
[EventDate "2011.??.??"]
[WhiteTeam "Hamburger SK von 1830 eV"]
[BlackTeam "SC Eppingen"]

1. e4 c5 2. Nf3 d6 3. d4 cxd4 4. Nxd4 Nf6 5. f3 a6 6. c4 g6 7. Be3 Bg7 8. Nc3
O-O 9. Qd2 Nc6 10. Be2 Nd7 11. O-O Nxd4 12. Bxd4 Nc5 13. Rfd1 Be6 14. Rac1 Qa5
15. Kh1 Bxd4 16. Qxd4 Rac8 17. b3 Nd7 18. Rf1 Qe5 19. Qd2 g5 20. g3 f6 21. f4
Qa5 22. h4 h6 23. Kg2 gxh4 24. f5 Qe5 25. Rf3 h3+ 26. Kxh3 Bf7 27. Qxh6 e6 28.
Rf4 Rcd8 29. Rg4+ 1-0

[Event "St. Pauli Open"]
[Site "Hamburg"]
[Date "2011.07.11"]
[Round "4.34"]
[White "Kessler, Bernd"]
[Black "Tscherepanov, Leon"]
[Result "1/2-1/2"]
[WhiteElo "2082"]
[BlackElo "1841"]
[PlyCount "83"]
[EventDate "2011.??.??"]
[WhiteTeam "FC ST.Pauli 1910 eV SAbt"]
[BlackTeam "Hamburger SK von 1830 eV"]

1. d4 e6 2. Nf3 d5 3. Bg5 Nf6 4. e3 Be7 5. Nbd2 O-O 6. Bd3 h6 7. Bh4 b6 8. Qe2
Bb7 9. Ne5 c5 10. c3 Nbd7 11. f3 Rc8 12. g4 cxd4 13. exd4 Nxe5 14. dxe5 Nd7 15.
Bg3 Bh4 16. O-O-O d4 17. Nc4 dxc3 18. Nd6 cxb2+ 19. Kxb2 Bxg3 20. hxg3 Nc5 21.
Bc2 Qc7 22. Qe3 Nd7 23. Rh2 Qc5 24. Qd3 Qxe5+ 25. Kb1 Rxc2 26. Rxc2 Nc5 27. Qc3
Qxg3 28. Nxb7 Nxb7 29. Qe3 Nc5 30. Rg1 Qh4 31. g5 Qb4+ 32. Ka1 Qh4 33. gxh6
Qf6+ 34. Kb1 g6 35. h7+ Kh8 36. Qh6 Rd8 37. Rd2 Qf5+ 38. Ka1 Qf6+ 39. Kb1 Qf5+
40. Ka1 Qf6+ 41. Kb1 Qf5+ 42. Ka1 1/2-1/2

[Event "St. Pauli Open"]
[Site "Hamburg"]
[Date "2011.07.11"]
[Round "4.36"]
[White "Obreht, Slobodan"]
[Black "Steingräber, Kai-Uwe"]
[Result "1-0"]
[WhiteElo "2025"]
[BlackElo "2104"]
[PlyCount "153"]
[EventDate "2011.??.??"]
[WhiteTeam "SchVgg Blankenese von 1923"]
[BlackTeam "Delmenhorster SK V 1931"]

1. d4 d5 2. Bf4 Nf6 3. e3 e6 4. Nf3 Bd6 5. Bg3 O-O 6. Bd3 c5 7. c3 b6 8. Qe2
Bb7 9. Nbd2 Ne4 10. O-O f5 11. Bxd6 Qxd6 12. Ne5 Nc6 13. Nxc6 Bxc6 14. Nf3 Rf6
15. Ne5 Be8 16. f4 Rh6 17. Bxe4 dxe4 18. Rf2 a6 19. dxc5 Qxc5 20. Qd2 Bh5 21.
Rc1 Rc8 22. b4 Qc7 23. Qc2 Rf6 24. Rd2 Rd8 25. Rd4 Rff8 26. Qd2 h6 27. h3 g5
28. g4 Bf7 29. Nd7 gxf4 30. Nxf8 fxe3 31. Qxe3 Rxf8 32. Rcd1 Rc8 33. Rc1 Kh7
34. Kg2 Rg8 35. Qg3 f4 36. Qe1 e5 37. Rxe4 Bd5 38. c4 Bxe4+ 39. Qxe4+ Kh8 40.
Rd1 h5 41. Kf3 Qg7 42. Qf5 hxg4+ 43. hxg4 e4+ 44. Kf2 e3+ 45. Kf3 Qb7+ 46. Qd5
Qxd5+ 47. cxd5 Rd8 48. Kxf4 e2 49. Re1 Rxd5 50. Rxe2 Rd4+ 51. Re4 Rd2 52. a4
Ra2 53. b5 axb5 54. axb5 Rb2 55. Re5 Kg7 56. Kg5 Rb4 57. Kf5 Rc4 58. g5 Rc1 59.
Rd5 Rb1 60. Ke6 Kg6 61. Kd7 Rc1 62. Rd6+ Kxg5 63. Rxb6 Rb1 64. Kc6 Rc1+ 65. Kd7
Rb1 66. Rb8 Kf5 67. Kd6 Ke4 68. Kc6 Rc1+ 69. Kb7 Rb1 70. b6 Kd5 71. Rc8 Kd6 72.
Rc6+ Kd7 73. Rc2 Rd1 74. Rc7+ Kd8 75. Kb8 Rd2 76. Ra7 Rb2 77. b7 1-0

[Event "St. Pauli Open"]
[Site "Hamburg"]
[Date "2011.07.11"]
[Round "4.37"]
[White "Klein, Raimund"]
[Black "Pawlowski, Thomas"]
[Result "1-0"]
[WhiteElo "1968"]
[BlackElo "2080"]
[PlyCount "45"]
[EventDate "2011.??.??"]
[WhiteTeam "Hamburger SK von 1830 eV"]
[BlackTeam "Lübecker SV von 1873"]

1. e4 Nf6 2. e5 Nd5 3. d4 d6 4. Nf3 c6 5. c4 Nb6 6. Be2 g6 7. exd6 exd6 8. d5
Bg7 9. Nc3 O-O 10. O-O cxd5 11. cxd5 N8d7 12. Bg5 f6 13. Bf4 Ne5 14. a4 a6 15.
Nd4 g5 16. Bg3 f5 17. Bxe5 dxe5 18. Ne6 Bxe6 19. dxe6 Qxd1 20. Rfxd1 Rac8 21.
Bh5 e4 22. a5 Nc4 23. Nd5 1-0

[Event "St. Pauli Open"]
[Site "Hamburg"]
[Date "2011.07.11"]
[Round "4.38"]
[White "Sturm, Timo"]
[Black "Martin-Sommerfeldt, Luis"]
[Result "0-1"]
[WhiteElo "1942"]
[BlackElo "2077"]
[PlyCount "54"]
[EventDate "2011.??.??"]
[WhiteTeam "TSV Germania Cadenberge"]
[BlackTeam "FC ST.Pauli 1910 eV SAbt"]

1. d4 d6 2. Nf3 g6 3. c4 Bg7 4. g3 b6 5. Bg2 Bb7 6. O-O e6 7. Nc3 Ne7 8. e4 O-O
9. Re1 Nd7 10. Bf4 h6 11. d5 e5 12. Be3 f5 13. Qd2 Kh7 14. Nh4 f4 15. gxf4 exf4
16. Bxf4 g5 17. Bxg5 hxg5 18. Qxg5 Bh6 19. Qg3 Ne5 20. Kh1 Bc8 21. Nf3 Rg8 22.
Qh4 Nxf3 23. Bxf3 Qf8 24. Bh5 Ng6 25. Qg3 Nf4 26. Qf3 Nxh5 27. Qxh5 Bg4 0-1

[Event "St. Pauli Open"]
[Site "Hamburg"]
[Date "2011.07.11"]
[Round "4.39"]
[White "Neiß, Josef Martin"]
[Black "Powierski, Emil"]
[Result "1-0"]
[WhiteElo "2076"]
[BlackElo "2019"]
[PlyCount "115"]
[EventDate "2011.??.??"]
[WhiteTeam "SK Mering"]
[BlackTeam "Elmshorner SC von 1896"]

1. Nf3 c5 2. c4 g6 3. d4 cxd4 4. Nxd4 Bg7 5. g3 Nc6 6. Nxc6 bxc6 7. Bg2 Qa5+ 8.
Qd2 Qxd2+ 9. Nxd2 Nf6 10. Rb1 d5 11. e4 Be6 12. b3 O-O 13. Ba3 dxe4 14. Nxe4
Bf5 15. f3 Nxe4 16. fxe4 Bc3+ 17. Ke2 Bg4+ 18. Bf3 Bxf3+ 19. Kxf3 Rfd8 20. Rhd1
Bf6 21. e5 Bxe5 22. Bxe7 Rd4 23. Bc5 Rxd1 24. Rxd1 Kg7 25. Rd7 a6 26. h3 h5 27.
g4 hxg4+ 28. hxg4 Kf6 29. Rb7 Ke6 30. Re7+ Kf6 31. g5+ Kf5 32. Rxf7+ Ke6 33.
Rb7 Rh8 34. Kg4 Re8 35. Ra7 Bd6 36. Bd4 Bb4 37. Rg7 Be1 38. Rxg6+ Kd7 39. Kf3
Bd2 40. Rg7+ Ke6 41. Ke4 Bc1 42. Be5 c5 43. g6 Bd2 44. Ra7 a5 45. g7 Rg8 46.
Ra6+ Kf7 47. Kf5 Re8 48. Ra7+ Kg8 49. Kg6 a4 50. Rxa4 Be3 51. Ra7 Bd4 52. Bxd4
cxd4 53. Rd7 Re6+ 54. Kf5 Ra6 55. Rxd4 Rxa2 56. Rg4 Rf2+ 57. Ke5 Rb2 58. Rg3
1-0

[Event "St. Pauli Open"]
[Site "Hamburg"]
[Date "2011.07.11"]
[Round "4.40"]
[White "Ditmas, Hugh"]
[Black "Hartkopf, Dr. Uwe"]
[Result "0-1"]
[WhiteElo "1912"]
[BlackElo "2064"]
[PlyCount "102"]
[EventDate "2011.??.??"]
[WhiteTeam "Bremer SG von 1877"]
[BlackTeam "SK Norderstedt von 1975"]

1. d4 Nf6 2. c4 e6 3. Nf3 b6 4. g3 Ba6 5. Qc2 c5 6. d5 exd5 7. cxd5 Bb7 8. e4
Qe7 9. Nc3 Nxd5 10. Nxd5 Bxd5 11. Nd2 Nc6 12. Bg2 Nd4 13. Qd3 Bc6 14. O-O Qe6
15. b3 g6 16. f4 Bg7 17. Rb1 O-O 18. Bb2 Rad8 19. e5 Bxg2 20. Kxg2 d6 21. Bxd4
dxe5 22. fxe5 Rxd4 23. Qe2 Qd5+ 24. Nf3 Re4 25. Qd1 Rxe5 26. Kf2 Qxd1 27. Rbxd1
Re7 28. Rfe1 Rxe1 29. Kxe1 Bc3+ 30. Kf1 f6 31. Rd7 Rf7 32. Rd8+ Kg7 33. Ke2
Re7+ 34. Kd3 Bb4 35. a4 Kf7 36. g4 Ke6 37. Rh8 Rd7+ 38. Ke4 Bc3 39. Re8+ Kd6
40. Ra8 Re7+ 41. Kd3 Be5 42. Kc4 Bf4 43. Kb5 Kd5 44. Ka6 Ke4 45. Ne1 Bd2 46.
Nc2 Kd3 47. Na3 Be3 48. Nb5 Kc2 49. Nxa7 Kxb3 50. Kb5 c4 51. Nc6 Rd7 0-1

[Event "St. Pauli Open"]
[Site "Hamburg"]
[Date "2011.07.11"]
[Round "4.42"]
[White "Kosovs, Ernst"]
[Black "Schmidt-Brauns, Rainer"]
[Result "0-1"]
[WhiteElo "2056"]
[BlackElo "1999"]
[PlyCount "110"]
[EventDate "2011.??.??"]
[WhiteTeam "SK Bad Aibling"]
[BlackTeam "SK Marmstorf GW Harburg"]

1. e4 c6 2. d4 d5 3. e5 Bf5 4. c4 e6 5. Nc3 Ne7 6. Bg5 h6 7. Be3 dxc4 8. Bxc4
Nd7 9. Nge2 Nb6 10. Bb3 Ned5 11. O-O Be7 12. Ng3 Bg6 13. Nce4 h5 14. Nc3 Qd7
15. Qd2 O-O-O 16. a4 Nxc3 17. bxc3 Nd5 18. Bc2 Bxc2 19. Qxc2 f6 20. Rfe1 fxe5
21. dxe5 Nxe3 22. Rxe3 Bc5 23. Re2 Qd3 24. Qxd3 Rxd3 25. Ne4 Be7 26. f4 Rhd8
27. Raa2 Kc7 28. g3 Rf3 29. Kg2 Rdd3 30. h4 c5 31. c4 Ra3 32. Rad2 Rfd3 33. Kf2
Rd4 34. Rxd4 cxd4 35. Rd2 d3 36. c5 Rxa4 37. Ke3 Ra3 38. Rxd3 Rxd3+ 39. Kxd3
Kc6 40. Kc4 b6 41. cxb6 axb6 42. Nc3 Bc5 43. Ne4 b5+ 44. Kd3 Bb4 45. Kd4 Be1
46. Ng5 Bf2+ 47. Kd3 Kd5 48. Ne4 Be1 49. Nc3+ Bxc3 50. Kxc3 Kc5 51. Kb3 g6 52.
Kc3 b4+ 53. Kb3 Kb5 54. Kc2 Kc4 55. Kb2 b3 0-1

[Event "St. Pauli Open"]
[Site "Hamburg"]
[Date "2011.07.11"]
[Round "4.43"]
[White "Raider, Eugen"]
[Black "Schiele, Lars"]
[Result "0-1"]
[WhiteElo "1899"]
[BlackElo "2052"]
[PlyCount "82"]
[EventDate "2011.??.??"]
[WhiteTeam "Koenigsspr.SC.1984 e.V."]
[BlackTeam "SK Weisse Dame Hamburg"]

1. Nc3 g6 2. d3 d5 3. Bd2 Bg7 4. Qc1 Nc6 5. g3 e5 6. Bg2 Be6 7. e4 Nge7 8. a3
O-O 9. h4 f6 10. Bh6 Rf7 11. Bxg7 Kxg7 12. Nh3 Qd7 13. exd5 Nxd5 14. Ne4 Qe7
15. b4 Rd8 16. b5 Nd4 17. Rb1 Qxa3 18. Qxa3 Nxc2+ 19. Kd2 Nxa3 20. Rb3 Nb6 21.
Rb4 Nac4+ 22. Ke2 Nd6 23. Nc5 Bg4+ 24. f3 Bc8 25. f4 Nf5 26. Kf2 Nd5 27. Ra4 b6
28. Ne4 exf4 29. Rxa7 fxg3+ 30. Nxg3 Nxh4 31. Bxd5 Rxd5 32. Nf4 Rxb5 33. Rxh4
g5 34. Nfh5+ Kg6 35. Rc4 Rb2+ 36. Ke3 c5 37. Rxf7 Kxf7 38. Ne2 f5 39. Nc3 Kg6
40. Nd1 Rb1 41. Nc3 Rb4 0-1

[Event "St. Pauli Open"]
[Site "Hamburg"]
[Date "2011.07.11"]
[Round "4.44"]
[White "Schröder, Kai Uwe"]
[Black "Becker, Thomas"]
[Result "1/2-1/2"]
[WhiteElo "1859"]
[BlackElo "2050"]
[PlyCount "39"]
[EventDate "2011.??.??"]
[WhiteTeam "SK Wilhelmsburg 1936 eV"]
[BlackTeam "Langenhorner SF 1928"]

1. e4 c5 2. Nc3 Nc6 3. f4 g6 4. Nf3 Bg7 5. Bb5 Nd4 6. O-O Nxb5 7. Nxb5 a6 8.
Nc3 e6 9. Qe1 Ne7 10. d3 d6 11. Kh1 b5 12. Qh4 Nc6 13. Qg3 Bb7 14. f5 Qd7 15.
fxe6 fxe6 16. Ng5 O-O-O 17. Bf4 Ne5 18. Bxe5 Bxe5 19. Qg4 Rdf8 20. Qxe6 1/2-1/2

[Event "St. Pauli Open"]
[Site "Hamburg"]
[Date "2011.07.11"]
[Round "4.46"]
[White "Grötzbach, Daniel"]
[Black "Schulz, Hans-Juergen"]
[Result "1-0"]
[WhiteElo "1807"]
[BlackElo "2040"]
[PlyCount "84"]
[EventDate "2011.??.??"]
[WhiteTeam "Hamburger SK von 1830 eV"]
[BlackTeam "Hamburger SK von 1830 eV"]

1. e4 e5 2. Nf3 Nc6 3. Bb5 a6 4. Ba4 Nf6 5. O-O b5 6. Bb3 Be7 7. Re1 O-O 8. h3
d6 9. c3 Na5 10. Bc2 c5 11. d4 Qc7 12. Nbd2 Bd7 13. Nf1 h6 14. d5 Nh7 15. Ne3
Kh8 16. Nh2 Qd8 17. Qh5 Nf6 18. Qf3 Nc4 19. Nf5 Bxf5 20. Qxf5 Qd7 21. Qf3 Nh7
22. Qh5 Bg5 23. Bxg5 Nxg5 24. b3 Nb6 25. Ng4 f6 26. Kh2 Nh7 27. Ne3 Nc8 28. Bd1
Ne7 29. Bg4 Qe8 30. Qxe8 Raxe8 31. a4 Rb8 32. axb5 axb5 33. Ra7 Rfe8 34. Rea1
Nf8 35. R1a6 g6 36. Bd7 Red8 37. Be6 Ng8 38. Bxg8 Kxg8 39. Ng4 Nh7 40. Nxh6+
Kh8 41. Nf7+ Kg8 42. Nxd8 Rxd8 1-0

[Event "St. Pauli Open"]
[Site "Hamburg"]
[Date "2011.07.11"]
[Round "4.47"]
[White "Kemény, Matthias"]
[Black "Raum, Norbert"]
[Result "1-0"]
[WhiteElo "2038"]
[BlackElo "1809"]
[PlyCount "73"]
[EventDate "2011.??.??"]
[WhiteTeam "SG Glinde"]
[BlackTeam "Schwarzenbeker SK"]

1. e4 e6 2. d4 d5 3. e5 c5 4. c3 Nc6 5. Nf3 cxd4 6. cxd4 Bd7 7. a3 Qb6 8. b4
Rc8 9. Be3 Nh6 10. Bd3 Nf5 11. O-O Be7 12. Nbd2 O-O 13. Nb3 Qd8 14. Nc5 b6 15.
Nxd7 Qxd7 16. Bb5 Qb7 17. Qe2 Nb8 18. Bd2 a6 19. Bd3 g6 20. g4 Ng7 21. Ne1 f6
22. Bh6 Qd7 23. Ng2 fxe5 24. dxe5 b5 25. h4 Qe8 26. Rac1 Qf7 27. f4 Nc6 28. Qe3
Bd8 29. f5 exf5 30. gxf5 Qb7 31. Qg3 Bb6+ 32. Kh1 Bd4 33. fxg6 hxg6 34. Qxg6
Rf2 35. Qh7+ Kf8 36. Rxf2+ Bxf2 37. Qh8+ 1-0

[Event "St. Pauli Open"]
[Site "Hamburg"]
[Date "2011.07.11"]
[Round "4.48"]
[White "Onken, Alexej"]
[Black "Kohtz, Andreas"]
[Result "0-1"]
[WhiteElo "1764"]
[BlackElo "2030"]
[PlyCount "48"]
[EventDate "2011.??.??"]
[WhiteTeam "SK Johanneum Eppendorf"]
[BlackTeam "SC Zugzwang 95 e.V."]

1. e4 Nf6 2. e5 Nd5 3. d4 d6 4. Nf3 dxe5 5. Nxe5 g6 6. Bc4 c6 7. O-O Bg7 8. Re1
O-O 9. Bb3 Be6 10. c4 Nb6 11. Nc3 Bxe5 12. Rxe5 N8d7 13. Re4 Bxc4 14. Bh6 Nf6
15. Rh4 Bxb3 16. axb3 Re8 17. Qf3 Nbd5 18. Ne4 Nxe4 19. Qxe4 Qd6 20. Re1 Nf6
21. Qe3 Rad8 22. Qh3 e5 23. Bg5 exd4 24. Rd1 Qe5 0-1

[Event "St. Pauli Open"]
[Site "Hamburg"]
[Date "2011.07.11"]
[Round "4.49"]
[White "Lindschau, Eggert"]
[Black "Seehagen, Jan"]
[Result "1-0"]
[WhiteElo "2026"]
[BlackElo "1900"]
[PlyCount "67"]
[EventDate "2011.??.??"]
[WhiteTeam "Niendorfer TSV 1919 SAbt"]
[BlackTeam "FC ST.Pauli 1910 eV SAbt"]

1. e4 c5 2. Nf3 e6 3. d4 cxd4 4. Nxd4 a6 5. c4 Qc7 6. Nc3 Nf6 7. a3 d6 8. Be2
b6 9. O-O g6 10. Be3 Bb7 11. f3 Bg7 12. Ndb5 axb5 13. Nxb5 Qc6 14. Nxd6+ Ke7
15. e5 Rd8 16. Qb3 Nfd7 17. Nxb7 Qxb7 18. f4 Qc7 19. Bf3 Nc6 20. Qb5 Na7 21.
Qb4+ Ke8 22. Bxa8 Rxa8 23. Rad1 Nc6 24. Qb5 Na7 25. Qa4 Bf8 26. b4 Qb7 27. Qb3
Nc6 28. Rd3 Rc8 29. Re1 Ndb8 30. Kf1 Be7 31. Qa4 Bd8 32. Qb5 Kf8 33. c5 Na7 34.
Rxd8+ 1-0

[Event "St. Pauli Open"]
[Site "Hamburg"]
[Date "2011.07.11"]
[Round "4.51"]
[White "Gröppel, Peter"]
[Black "Baberz, Alexander"]
[Result "0-1"]
[WhiteElo "2051"]
[BlackElo "1854"]
[PlyCount "86"]
[EventDate "2011.??.??"]
[WhiteTeam "SC Diogenes eV"]
[BlackTeam "Hamburger SK von 1830 eV"]

1. d4 d5 2. Bg5 h6 3. Bf4 e6 4. Nf3 Nf6 5. Nbd2 c5 6. c3 Nc6 7. a3 Qb6 8. Qb3
Qxb3 9. Nxb3 b6 10. e3 c4 11. Nbd2 Be7 12. Be2 O-O 13. h3 Bd7 14. O-O b5 15.
Bd1 a5 16. b3 cxb3 17. Bxb3 Rfc8 18. a4 b4 19. c4 dxc4 20. Nxc4 Nd5 21. Bh2 Ra6
22. e4 Nc3 23. Rfe1 Nd8 24. Nce5 Be8 25. Kh1 f6 26. Nc4 Bxa4 27. Rxa4 Nxa4 28.
Bxa4 Rxc4 29. Bb5 Rac6 30. d5 Rc8 31. Bxc4 Rxc4 32. d6 Bf8 33. e5 f5 34. Ra1
Nb7 35. Nd2 Rc3 36. Bf4 b3 37. Kh2 b2 38. Ra2 Rc2 39. Nb1 Rxf2 40. Be3 Re2 41.
Bd4 Nxd6 42. Rxb2 Rxb2 43. Bxb2 Nc4 0-1

[Event "St. Pauli Open"]
[Site "Hamburg"]
[Date "2011.07.11"]
[Round "4.52"]
[White "Preuss, Flemming"]
[Black "Knauer, Frank"]
[Result "1-0"]
[WhiteElo "1991"]
[BlackElo "1802"]
[PlyCount "101"]
[EventDate "2011.??.??"]
[BlackTeam "FC ST.Pauli 1910 eV SAbt"]

1. f4 d6 2. Nf3 g6 3. e4 Bg7 4. d4 Nf6 5. Nc3 O-O 6. Bd3 Na6 7. O-O c5 8. d5
Rb8 9. Qe2 Nc7 10. a4 b6 11. Bd2 a6 12. Rae1 b5 13. axb5 axb5 14. b3 Bd7 15. h3
e6 16. dxe6 fxe6 17. f5 gxf5 18. exf5 e5 19. Ng5 Qe8 20. Nge4 Qe7 21. Nxf6+
Bxf6 22. Be4 Kh8 23. Qf3 Qg7 24. Kh2 b4 25. Ne2 Nb5 26. g3 Rbd8 27. Rg1 Bg5 28.
Bxg5 Qxg5 29. h4 Qh6 30. Qd3 Be8 31. Ref1 Nc7 32. c4 bxc3 33. Nxc3 d5 34. Rd1
Bc6 35. Nxd5 Nxd5 36. Qf3 Ne7 37. Rxd8 Rxd8 38. f6 Rd2+ 39. Kh1 Nd5 40. f7 Nf4
41. Bxc6 Ng6 42. Rf1 Nf8 43. Qf5 Qg7 44. g4 Rd4 45. Be4 Rd8 46. Kh2 Ng6 47. Kg3
Rf8 48. Bd5 Nf4 49. Bc4 Ne6 50. h5 Nf4 51. Re1 1-0

[Event "St. Pauli Open"]
[Site "Hamburg"]
[Date "2011.07.11"]
[Round "4.54"]
[White "Bohn, Christoph"]
[Black "Maahs, Erich"]
[Result "1-0"]
[WhiteElo "1928"]
[BlackElo "2098"]
[PlyCount "67"]
[EventDate "2011.??.??"]
[WhiteTeam "Hamburger SK von 1830 eV"]
[BlackTeam "SC Concordia SAbt Palame"]

1. e4 c5 2. Nc3 Nc6 3. g3 g6 4. Bg2 Bg7 5. d3 e6 6. Be3 d6 7. Qd2 Rb8 8. f4
Nge7 9. h4 h5 10. Nh3 b5 11. O-O b4 12. Nd1 Qa5 13. f5 exf5 14. exf5 Bxf5 15.
Nf4 Ne5 16. Nd5 Nxd5 17. Bxd5 Qc7 18. Bg5 Qd7 19. Ne3 Be6 20. Bf6 O-O 21. a3
bxa3 22. bxa3 Bh6 23. Bg2 Ng4 24. Bg5 Bxg5 25. hxg5 d5 26. Nxg4 Bxg4 27. Rf6
Rb6 28. Qf2 Rxf6 29. gxf6 Qd6 30. Rb1 Re8 31. Rb7 a6 32. Qf4 Re1+ 33. Kf2 Qe6
34. Rb8+ 1-0

[Event "St. Pauli Open"]
[Site "Hamburg"]
[Date "2011.07.11"]
[Round "4.55"]
[White "Jung, Gerald"]
[Black "Ristic, Sreten"]
[Result "0-1"]
[WhiteElo "2022"]
[BlackElo "1934"]
[PlyCount "114"]
[EventDate "2011.??.??"]
[WhiteTeam "SAbt SV Werder Bremen"]
[BlackTeam "Hamburger SK von 1830 eV"]

1. e4 d6 2. d4 g6 3. Bc4 a6 4. Qf3 e6 5. Ne2 Nc6 6. c3 Bg7 7. Be3 Nf6 8. h3 O-O
9. Nd2 Bd7 10. O-O e5 11. g4 b5 12. Bd3 h5 13. g5 Nh7 14. Qg2 Qe8 15. Kh2 Ne7
16. f4 exd4 17. cxd4 c5 18. Rac1 Be6 19. dxc5 dxc5 20. Bxc5 Qd7 21. Bxe7 Qxe7
22. Nc3 Qd6 23. Rf3 Rac8 24. e5 Qd4 25. Be4 Rcd8 26. Rd3 Qb4 27. Rxd8 Rxd8 28.
Rc2 Qd4 29. Nf3 Qe3 30. Qg3 Nf8 31. Re2 Qb6 32. Qf2 Qa5 33. Nd4 Qc7 34. Nc6 Rd7
35. Rd2 Kh7 36. Bg2 Kh8 37. b4 Bc4 38. Rxd7 Qxd7 39. Qd4 Qf5 40. Qe4 Qd7 41.
Na5 Be6 42. Qe3 Qd8 43. Nb7 Qd7 44. Nc5 Qa7 45. Qe4 Qc7 46. Qc6 Bxe5 47. fxe5
Qxe5+ 48. Kg1 Qxc3 49. Nxe6 Qe3+ 50. Kf1 Nxe6 51. Qxa6 Qxg5 52. Bc6 Qc1+ 53.
Kf2 Qd2+ 54. Kf1 Qf4+ 55. Kg1 Qg3+ 56. Kf1 Qxh3+ 57. Ke1 Qh4+ 0-1